girl i've always been - Olivia Rodrigo - Statistics

General Stats
  • This quiz has been taken 48 times
  • The average score is 206 of 273
Answer Stats
Hint Answer % Correct
A
96%
a
96%
always
96%
I
96%
say
96%
Say
96%
the
96%
then
96%
you
96%
You
96%
an
93%
be
93%
(I'm
93%
I'm
93%
that
93%
thing
93%
And
89%
But
89%
girl
89%
in
89%
my
89%
That's
89%
your
89%
Verse 1 "Baby
85%
been
85%
changed"
85%
go?
85%
have
85%
I've
85%
me
85%
on
85%
all
81%
Don't
81%
don't
81%
again)
78%
again
78%
am
78%
as
78%
doll
78%
name
78%
who
78%
out
74%
over
74%
parade
74%
you're
74%
head
70%
men
70%
Now
70%
trash
70%
Chorus Well
70%
beyond
67%
call
67%
couch
67%
crooked
67%
Cursin'
67%
friends
67%
game
67%
got
67%
know
67%
not
67%
panic
67%
rooms
67%
with
67%
years
67%
anymore
63%
door
63%
down
63%
get
63%
inside
63%
Verse 2 So
63%
so
63%
tears
63%
up
63%
actin'
59%
bed
59%
cruel
59%
empty
59%
rained
59%
walkin'
59%
wrapped
59%
Yeah
59%
can't
56%
consistent
56%
different
56%
fightin'
56%
five
56%
if
56%
nothin'
56%
perfect
56%
six
56%
ten
56%
woke
56%
eight
52%
seven
52%
captors
48%
told
48%
scare
44%
turn
44%
you'd
44%
beginnin'
41%
candle
41%
from
41%
gonna
41%
right
41%
wind
41%
Are
37%
ask
37%
become
37%
I'll
37%
knew
37%
never
37%
case
33%
could
33%
everything
33%
gettin'
33%
how
33%
I'd
33%
Intro Ready?
33%
ready?
33%
cold
30%
dreamed
26%
tongue
22%
venom
22%
No matching quizzes found
Score Distribution
Percent of People with Each Score
Percentile by Number Answered
Your Score History
You have not taken this quiz